Calculus with analytic geometry : a first course / (Record no. 180706)
[ view plain ]
| 000 -LEADER | |
|---|---|
| fixed length control field | 01163 a2200217 4500 |
| 003 - CONTROL NUMBER IDENTIFIER | |
| control field | Nust |
| 005 - DATE AND TIME OF LATEST TRANSACTION | |
| control field | 20221119135247.0 |
| 010 ## - LIBRARY OF CONGRESS CONTROL NUMBER | |
| LC control number | 6915375 |
| 020 ## - INTERNATIONAL STANDARD BOOK NUMBER | |
| International Standard Book Number | 0201060205 |
| 040 ## - CATALOGING SOURCE | |
| Transcribing agency | Nust |
| 082 ## - DEWEY DECIMAL CLASSIFICATION NUMBER | |
| Classification number | 515.15,MOR |
| 100 ## - MAIN ENTRY--PERSONAL NAME | |
| Personal name | Murray H. Protter |
| 9 (RLIN) | 103142 |
| 245 ## - TITLE STATEMENT | |
| Title | Calculus with analytic geometry : a first course / |
| Statement of responsibility, etc. | Murray H. Protter |
| 250 ## - EDITION STATEMENT | |
| Edition statement | 2nd ed. |
| 260 ## - PUBLICATION, DISTRIBUTION, ETC. | |
| Place of publication, distribution, etc. | Reading, Mass. |
| Name of publisher, distributor, etc. | Addison-Wesley Pub |
| Date of publication, distribution, etc. | 1970 |
| 300 ## - PHYSICAL DESCRIPTION | |
| Extent | x,548p |
| 505 ## - FORMATTED CONTENTS NOTE | |
| Formatted contents note | Inequalities (Page-1), Relations Functions Graphs (Page-17), The Line (Page-52), Introduction to the Calculus Limits (Page-71), Differentiation of Algebraic Functions (Page-131), Applications of Diffentations the Differential (Page-153), The Definite Integral (Page-217), Lines Circles Conics (Page-279), The Trigonometric and Exponential Functions (Page-329), Parametric Equations ARC Length (Page-379 ), Polar Coordinates (Page-404), Vectors in a Plane (Page-430), Formulas and Methods of Integrations (Page-453), Applications of the Integral (Page-490 ). |
| 600 ## - SUBJECT ADDED ENTRY--PERSONAL NAME | |
| Personal name | Murray H. Protter |
| 9 (RLIN) | 103142 |
| 650 ## - SUBJECT ADDED ENTRY--TOPICAL TERM | |
| Topical term or geographic name entry element | Calculus with analytic geometry : a first course |
| 9 (RLIN) | 103143 |
| 942 ## - ADDED ENTRY ELEMENTS (KOHA) | |
| Source of classification or shelving scheme | |
| Koha item type | Book |
| Call number prefix | 515.15,MOR |
| Withdrawn status | Lost status | Source of classification or shelving scheme | Damaged status | Not for loan | Permanent Location | Current Location | Shelving location | Date acquired | Full call number | Barcode | Date last seen | Price effective from | Koha item type | Public note |
|---|---|---|---|---|---|---|---|---|---|---|---|---|---|---|
| Military College of Signals (MCS) | Military College of Signals (MCS) | General Stacks | 12/12/2016 | 515.15,MOR | MCS7164 | 12/08/2016 | 12/12/2016 | Book | Almirah No.13, Shelf No. 2 |
